00000000cam 2200000zi 4500
0019.961532
003CaOODSP
00520260526101807
006m     o  d f      
007cr bn|||||||||
008260331t20142006onc     ob   f000 0 eng d
040 |aCaOODSP|beng|erda|cCaOODSP
043 |an-cn---
0861 |aT52-4/287-2014E-PDF
24500|aStudy and reference guide for written examination for the type rating for two crew aeroplane or cruise relief pilot (IATRA).
250 |aThird edition.
264 1|a[Ottawa] : |bTransport Canada = Transports Canada, |c[2014]
264 4|c©2006
300 |a1 online resource (ii, 11 pages)
336 |atext|btxt|2rdacontent
337 |acomputer|bc|2rdamedia
338 |aonline resource|bcr|2rdacarrier
500 |aIssued also in French under title: Guide d'étude et de référence pour les examens écrits pour la qualification de type - avion avec équipage de deux pilotes ou pilote de réserve en croisière (IATRA).
500 |aThis publication is the October 2014 revision of the third edition that was originally issued in August 2006.
500 |a"TP 13524E (Revised 10/2014)."
500 |a"August 2006."
500 |a"TC-1002055"--Verso of cover.
504 |aIncludes bibliographical references.
650 0|aAirplanes|xPiloting|zCanada|xExaminations|vStudy guides.
650 0|aAir pilots|xLicenses|zCanada.
655 7|aStudy guides|2lcgft
7101 |aCanada. |bTransport Canada, |eissuing body.
77508|tGuide d'étude et de référence pour les examens écrits pour la qualification de type - avion avec équipage de deux pilotes ou pilote de réserve en croisière (IATRA).|w(CaOODSP)9.963073
85640|qPDF|s100 KB|uhttps://publications.gc.ca/collections/collection_2026/tc/T52-4-287-2014-eng.pdf
8564 |qHTML|sN/A|uhttps://tc.canada.ca/en/aviation/publications/study-reference-guide-written-examination-type-rating-two-crew-aeroplane-cruise-relief-pilot-iatra-tp-13524
986 |aTP 13524E
986 |aTC-1002055